Art epochs - Statistics

General Stats
  • This quiz has been taken 25 times
  • The average score is 8 of 30
Answer Stats
Nr. Timespan Answer % Correct
3 1400 - 1600 Renaissance
92%
17 1905 - 1939 Cubism
62%
2 1140 - 1600 Gothic
62%
11 1870 - 1900 Impressionism
62%
9 1840 - 1870 Realism
62%
5 1520 - 1600 Baroque
46%
15 1890 - 1939 Expressionism
38%
26 1956 - 1969 Pop-Art
38%
24 1924 - 1945 Surrealism
38%
22 1920 - 1935 Art Deco
31%
7 1770 - 1840 Neoclassicism
31%
6 1720 - 1760 Rococo
31%
4 1520 - 1600 Mannerism
23%
12 1880 - 1900 Naturalism
23%
29 1968 - now Photorealism
23%
25 1945 - 1960 Abstract Expressionism
15%
16 1895 - 1915 Art Noveau
15%
19 1912 - 1923 Dadaism
15%
18 1909 - 1918 Futurism
15%
13 1880 - 1920 Post-Impressionism
15%
10 1848 - 1854 Pre-Raphaelite
15%
8 1800 - 1850 Romanticism
15%
27 1960 -1969 Arte Povera
8%
23 1920 - 1925 Bauhaus
8%
30 1978 - now Contemporary Art
8%
28 1960 - 1975 Minimalism
8%
20 1918 - 1933 New Objectivity
8%
21 1920 - 1950 Precisionism
8%
1 1000 - 1150 Romanesque
8%
14 1880 - 1910 Symbolism
8%
No matching quizzes found
Score Distribution
Percent of People with Each Score
Percentile by Number Answered
Your Score History
You have not taken this quiz